000 00815nam a2200241 a 4500
001 000010422
005 20240412074218.0
008 091007s1974 dr 000 p spa d
040 _aDO-SdBNP
_bspa
_cBNPHU
082 _aRD861.44
_bJ86h,1974
100 1 _aJovine Bermúdez, Federico,
_d1944-2017
_925425
245 1 0 _aHuellas de la ira /
_cFederico Jovine Bermúdez.
260 _aSanto domingo :
_bUASD,
_c1974.
300 _a53 p. ;
_c21 cm.
490 1 _aBloque;
_v2
500 _aIncluye datos biográficos del autor en la contraportada del documento
590 _aInventariado, 2019/VM
650 0 _aPoesía dominicana
_966
650 0 _aLiteratura dominicana.
_967
710 1 _aUniversidad Autónoma de Santo Domingo
_972951
830 0 _aBloque;
_n2
_925426
910 _aValidado. Control de calidad MFF
999 _c10181
_d10181